Kwangju uprising (Record no. 1112768)
[ view plain ]
| 000 -LEADER | |
|---|---|
| fixed length control field | 00882nam a2200289Ia 4500 |
| 003 - CONTROL NUMBER IDENTIFIER | |
| control field | OSt |
| 005 - DATE AND TIME OF LATEST TRANSACTION | |
| control field | 20221006160228.0 |
| 008 - FIXED-LENGTH DATA ELEMENTS--GENERAL INFORMATION | |
| fixed length control field | 221006b |||||||| |||| 00| 0 eng d |
| 020 ## - INTERNATIONAL STANDARD BOOK NUMBER | |
| International Standard Book Number | 9780765606372 |
| -- | 5.95 |
| 037 ## - SOURCE OF ACQUISITION | |
| Terms of availability | Textual |
| 040 ## - CATALOGING SOURCE | |
| Original cataloging agency | EASL |
| Transcribing agency | EASL |
| Language of cataloging | eng |
| 041 ## - LANGUAGE CODE | |
| Source of code | eng |
| Language code of text/sound track or separate title | eng |
| 100 ## - MAIN ENTRY--PERSONAL NAME | |
| Personal name | Henry Scott-Stokes Ed. |
| 9 (RLIN) | 672527 |
| 245 #0 - TITLE STATEMENT | |
| Title | Kwangju uprising |
| Remainder of title | Eyewitness press account of Korea's tiananmen |
| 260 ## - PUBLICATION, DISTRIBUTION, ETC. | |
| Place of publication, distribution, etc. | New York |
| Name of publisher, distributor, etc. | M.E.Sharpe |
| Date of publication, distribution, etc. | 2000 |
| 300 ## - PHYSICAL DESCRIPTION | |
| Extent | 252p. |
| Dimensions | cm. |
| 490 ## - SERIES STATEMENT | |
| Volume/sequential designation | KEL |
| 650 ## - SUBJECT ADDED ENTRY--TOPICAL TERM | |
| Topical term or geographic name entry element | Kwangju uprisingKorea |
| 9 (RLIN) | 672528 |
| 650 ## - SUBJECT ADDED ENTRY--TOPICAL TERM | |
| Topical term or geographic name entry element | KEL |
| 700 ## - ADDED ENTRY--PERSONAL NAME | |
| Personal name | Lee Jai Eui Ed. |
| 9 (RLIN) | 672529 |
| 942 ## - ADDED ENTRY ELEMENTS (KOHA) | |
| Classification part | W.495.N88, P0 |
| Koha item type | Textual |
| Source of classification or shelving scheme | Colon Classification (CC) |
| Withdrawn status | Lost status | Source of classification or shelving scheme | Materials specified (bound volume or other part) | Damaged status | Not for loan | Home library | Current library | Date acquired | Source of acquisition | Serial Enumeration / chronology | Total Checkouts | Full call number | Barcode | Date last seen | Price effective from | Koha item type |
|---|---|---|---|---|---|---|---|---|---|---|---|---|---|---|---|---|
| Colon Classification (CC) | 5.95 | Department of East Asian Studies Library | Department of East Asian Studies Library | 2022-10-06 | Gift, Window on Korea | KEL | W.495.N88 P0 | EA1397433 | 2022-10-06 | 2022-10-06 | Textual |
